书目信息 |
| 书名: | Translating literature | |
| 作者: | André Lefevere著. | |
| 分册号: | ||
| 分册名: | 出版地: | Beijing : |
|
| 出版社: | Foreign Language Teaching and Research Press | |
| 出版时间: | 2006. | |
| 页数: | xvii, 165 p. ; | |
| 开本: | 23 cm. | |
| 丛书名: | 外研社翻译研究文库 | |
| 中图分类号: | ||
| 科图分类号: | ||
| 其他分类号: | H059 | |
| 主题词: | ||
| 电子资源: | ||
| 000 | 01031cam a2200289 a 4500 | |
| 001 | E0735163272 | |
| 003 | CAL | |
| 005 | 20070818094738.08 | |
| 008 | 061205r20061992cc b 001 0 eng d | |
| 020 | @a7560059449 :@cCNY19.90. | |
| 040 | @aCCNU@cCCNU@dPUL | |
| 041 | 0 | @aeng@bchi |
| 090 | @aH059 | |
| 093 | @aI046@24 | |
| 099 | @dH059@ex18:9 | |
| 100 | 1 | @aLefevere, André. |
| 245 | 10 | @aTranslating literature :@bpractice and theory in a comparative literature context = 文学翻译 : 比较文学背景下的理论与实践 / @cAndré Lefevere著. |
| 246 | 31 | @a文学翻译 :@b比较文学背景下的理论与实践 |
| 260 | @aBeijing :@bForeign Language Teaching and Research Press,@c2006. | |
| 300 | @axvii, 165 p. ;@c23 cm. | |
| 440 | 0 | @a外研社翻译研究文库 |
| 504 | @aIncludes bibliographical references (p. [147]-162) and index. | |
| 534 | @pReprint. Originally published:@cNew York : Modern Language Association of America, c1992. | |
| 650 | 0 | @aTranslating and interpreting. |
| 920 | @a211010@z2 | |
| 920 | @a212020@z1 | |
| 920 | @a231220@z1 | |
| Translating literature : : practice and theory in a comparative literature context = 文学翻译 : 比较文学背景下的理论与实践 / / André Lefevere著.-Beijing : : Foreign Language Teaching and Research Press, , 2006. |
| xvii, 165 p. ; ; 23 cm.- (外研社翻译研究文库) |
| Includes bibliographical references (p. [147]-162) and index. |
| ISBN 7560059449 :CNY19.90. |
| ● |
| 相关链接 |
|
|
|
|
正题名:Translating literature
索取号:H059/x18:9
 
预约/预借
| 序号 | 登录号 | 条形码 | 馆藏地/架位号 | 状态 | 备注 |
| 1 | 0016451 | 300164514 | 第二样本阅览室/ [索取号:H059/x18:9] | 在馆 | |
| 2 | 0016452 | 300164523 | 第四借阅区/ [索取号:H059/x18:9] | 在馆 | |
| 3 | 0016453 | 300164532 | 第四借阅区/ [索取号:H059/x18:9] | 在馆 | |
| 4 | 0016454 | 300164541 | 第四借阅区/ [索取号:H059/x18:9] | 在馆 | |
| 5 | 0016455 | 300164550 | 第四借阅区/ [索取号:H059/x18:9] | 在馆 |